| 000 | 004740000a22001810004500 | ||
|---|---|---|---|
| 003 | MACL | ||
| 005 | 20160112154145.0 | ||
| 008 | 160112b xxu||||| |||| 00| 0 eng d | ||
| 040 |
_aMACL _cMACL |
||
| 041 | _aEnglish | ||
| 082 | _a923.31/MAH | ||
| 100 |
_aMahajan, Vidya Dhar _931507 |
||
| 245 | _aLeaders of The nationalist Movement | ||
| 260 |
_bSterling Publishers P Ltd _c1975 _aNew Delhi |
||
| 350 | _a50 | ||
| 650 |
_aBiography _931508 |
||
| 942 |
_cBK _k923.31/MAH _2ddc |
||
| 999 |
_c35993 _d35993 |
||